| 000 | 00512nam a22001697a 4500 | ||
|---|---|---|---|
| 005 | 20231106105407.0 | ||
| 008 | 231106b |||||||| |||| 00| 0 eng d | ||
| 020 | _a0702110299 | ||
| 041 | _aEnglish | ||
| 082 | _a346.5 KER | ||
| 100 |
_aKernick, LA _lEnglish |
||
| 245 |
_aAdministration of Deceased Estates / _cLA Kernick |
||
| 260 |
_aCape Town : _bJuta and Company Limited, _c1979 |
||
| 300 |
_bxi, 142 pages ; _c25,5 cm. |
||
| 650 |
_aLegal practice _bLaw |
||
| 942 |
_cBK _6ALISON_BN_VRIES |
||
| 999 |
_c311 _d311 |
||